Transporte urbano en latinoamerica y el caribe: estudios de casos (San José, Puebla, Puerto España, Puerto Príncipe) /
Guardado en:
| Hovedforfatter: | |
|---|---|
| Format: | Ukendt |
| Udgivet: |
San José:
FLACSO
|
| Fag: | |
| Tags: |
Tilføj Tag
Ingen Tags, Vær først til at tagge denne postø!
|
MARC
| LEADER | 00000 a2200000 04500 | ||
|---|---|---|---|
| 001 | 33492 | ||
| 003 | |||
| 008 | 991231s d | ||
| 040 | |||
| 020 | |a 9977-68-124-4 | ||
| 022 | |a 9977-68-124-4 | ||
| 090 | |a 1001 B981t | ||
| 100 | |a Bussière, Yves | ||
| 245 | |a Transporte urbano en latinoamerica y el caribe: estudios de casos (San José, Puebla, Puerto España, Puerto Príncipe) / |c Yves Bussière | ||
| 260 | |a San José: |b FLACSO | ||
| 300 | |a 234 p. |b il. |b map. | ||
| 650 | |a CENTRO DE LA CIUDAD | ||
| 650 | |a ZONAS COMERCIALES | ||
| 650 | |a ZONAS DE RECREACION | ||
| 650 | |a TRASPORTE URBANO | ||
| 650 | |a OCIO | ||
| 650 | |a CONSUMO DOMESTICO | ||
| 650 | |a COSTA RICA | ||
| 650 | |a MEXICO | ||
| 650 | |a TRINIDAD Y TOBAGO | ||
| 650 | |a POBLACION | ||
| 650 | |a TRANSPORTE | ||
| 650 | |a GENERO | ||
| 999 | |c 16472 |d 16472 | ||



